Guess The Minecraft Horror Entity From The Picture: Part X - Statistics

General Stats
  • This quiz has been taken 7 times
    4 since last reset
  • The average score is 3 of 32
Answer Stats
Picture Answer % Correct
The Faceless Steve
67%
The God
67%
The Locust
67%
ooo.jar
33%
The Disturbed
33%
The Hybrid
33%
The Rain Man
33%
Alternate Villager
0%
CANTBREATHE: Asphyxiation
0%
Collosoteus
0%
CoolPlayer303
0%
Dark Mist
0%
Doctor Nowhere Dweller
0%
Integrity
0%
KRAMPUS.JAR
0%
Schizo Guilt
0%
Shut Your Eyes
0%
The Arm
0%
The Blind Wanderer
0%
The Blood Mimicer
0%
The Boiled One: Reimagined
0%
The Clone
0%
The Distorted One
0%
The Frog From The Fog
0%
The Giant Villager
0%
The Hollow Stalker
0%
The Mangled Hound
0%
The Silhouette
0%
THE TORMENTOR
0%
The Wheezer
0%
The Wilted
0%
Void Bound
0%
No matching quizzes found
Score Distribution
Percent of People with Each Score
Percentile by Number Answered
Your Score History
You have not taken this quiz since the last reset